| 000 | 006270000a22001930004500 | ||
|---|---|---|---|
| 999 |
_c54463 _d54463 |
||
| 001 | 768714001 | ||
| 003 | CO-MdFUSB | ||
| 005 | 20170824154040.0 | ||
| 008 | 170824s2003 xxu||||| |||| 00| 0 eng d | ||
| 022 | _a0120-3649 | ||
| 040 |
_aCO-MdFUSB _bspa _cCO-MdFUSB _dCO-MdFUSB |
||
| 041 | _aeng | ||
| 100 | 1 |
_aShanks, Hershel _eautor |
|
| 245 | 1 | 0 |
_aThe 2002 annual meeting : _bhorsing around in Toronto |
| 300 |
_aVolumen 29. Número 2 (2003), Páginas 50-59 _c28 cm. |
||
| 546 | _aTexto en inglés | ||
| 773 | 0 |
_tBiblical Archaeology Review _049395 _959458 _gVolumen 29. Número 2 (2003), Páginas 50-59 _qPágina 50 |
|
| 942 | _cANA | ||